Phi Trường Tiểu thuyết Tập 2

Đã lưu trong:
書目詳細資料
主要作者: Hayli Ăcthơ
其他作者: Thái H (Dịch)
格式: 圖書
語言:Vietnamese
出版: H. Nxb. Lao động 1986
主題:
標簽: 添加標簽
沒有標簽, 成為第一個標記此記錄!
Thư viện lưu trữ: Mạng thư viện Đại học Đà Nẵng
LEADER 01092nam a2200337 4500
001 000004576
003 715
005 20120413080443.0
008 110722s1986 viesd
020 |c 15.000đ 
041 0 |a vie 
082 |a 813  |b HA-A 
100 0 |a Hayli Ăcthơ 
245 1 0 |a Phi Trường  |b Tiểu thuyết  |c Thái Hà dịch  |n Tập 2 
260 |a H.  |b Nxb. Lao động  |c 1986 
300 |a 319 tr  |c 19 cm 
653 |a Văn học Mỹ 
653 |a Tiểu thuyết Mỹ 
700 |a Thái Hà  |e Dịch 
773 |d Nxb. Lao động  |d H.  |d 1986  |t Phi Trường  |w 713 
910 |a Huỳnh Thị Cẩm Lai  |d 22/07/2011 
OWN |a LSP 
AVA |a UDN50  |b LSP  |d 813 HA-A  |e available  |t Error 5001 Not defined in file expand_doc_bib_avail.  |f 2  |g 0  |h N  |i 0  |k 1 
999 |a From the UDN01 
AVA |a UDN50  |b LSP  |d 813 HA-A  |e available  |t Error 5001 Not defined in file expand_doc_bib_avail.  |f 2  |g 0  |h N  |i 0  |k 1 
TYP |a Monograph 
TYP |a Printed language 
980 |a Mạng thư viện Đại học Đà Nẵng